| 000 | 00590nam a22001937a 4500 | ||
|---|---|---|---|
| 005 | 20251108174543.0 | ||
| 008 | 250721s2007 xx 000 0 ara d | ||
| 020 | _a9774083369 | ||
| 082 | 1 | 4 | _aط/590/جان |
| 100 | 1 | _aجانيري، أنيتا | |
| 245 | 1 | 0 | _aعالم الحيوان / |
| 264 | 1 |
_aالجيزة : _bدار الفاروق للاستثمارات الثقافية، _c2007. |
|
| 300 | _a31ص | ||
| 490 | 0 | _aمن الداخل و الخارج | |
| 650 | 1 | 7 | _aالحيوانات |
| 653 | _aناشاون صغار (10-14) سنه | ||
| 942 |
_2ddc _cBK |
||
| 999 |
_c112100 _d112100 |
||